Kevin Spacey Filmography - Statistics

General Stats
  • This quiz has been taken 216 times
    43 since last reset
  • The average score is 21 of 148
Answer Stats
Type Year Name % Correct
TV Show 2013-2017 House of Cards
84%
Film 1999 American Beauty
79%
Film 1995 The Usual Suspects
74%
Film 1995 SE7EN
63%
Film 2017 Baby Driver
53%
Film 1997 L.A. Confidential
42%
TV Show 1997, 2006 Saturday Night Live
42%
Film 1998 A Bug's Life
32%
Film 1996 A Time to Kill
32%
Film 2001 K-PAX
32%
Film 2008 21
26%
Film 2011 Margin Call
26%
Film 1995 Outbreak
26%
Film 2006 Superman Returns
26%
Video Game 2006 Superman Returns
26%
Film 1998 The Negotiator
26%
Film 2002 Austin Powers in Goldmember
21%
Video Game 2014 Call of Duty: Advanced Warfare
21%
Film 2016 Elvis & Nixon
21%
Film 2007 Fred Claus
21%
Film 1992 Glengarry Glen Ross
21%
Film 2011 Horrible Bosses
21%
Film 2014 Horrible Bosses 2
21%
Film 2009 Moon
21%
Film 2016 Nine Lives
21%
Film 2000 Pay It Forward
21%
Theater 2005 Richard II
21%
Theater 2011 Richard III
21%
Film 1989 See No Evil, Hear No Evil
21%
Film 1994 Swimming with Sharks
21%
Film 2024 The Contract
21%
TV Show 1987 The Equalizer
21%
Film 2003 The Life of David Gale
21%
Film 2001 The Shipping News
21%
Film 2025 1780
16%
Director 1996 Albino Alligator
16%
Film 2004 Beyond the Sea
16%
Film 2018 Billionaire Boys Club
16%
Film 2023 Control
16%
TV Show 1987 Crime Story
16%
Film 1989 Dad
16%
Film 2005 Edison
16%
Theater 1982 Ghosts
16%
Film 1986 Heartburn
16%
Theater 1981 Henry IV, Part 1
16%
Theater 1984-1985 Hurlyburly
16%
Film 1998 Hurlyburly
16%
Film 1994 Iron Will
16%
TV Show 1992 L.A. Law
16%
Theater 1986 Long Day's Journey into Night
16%
TV Film 1987 Long Day's Journey into Night
16%
Theater 1991-1993 Lost in Yonkers
16%
Film 2024 Peter Five Eight
16%
Theater 1993 Playland
16%
Film TBA The Awakening
16%
Film 1999 The Big Kahuna
16%
TV Show 2014 The Colbert Report
16%
Theater 1998, 1999 The Iceman Cometh
16%
Film 2022 The Man Who Drew God
16%
Film 2009 The Men Who Stare at Goats
16%
TV Mini-Series 1988 The Murder of Mary Phagan
16%
Theater 2005 The Philadelphia Story
16%
Theater 1985 The Seagull
16%
Film 2003 The United States of Leland
16%
TV Show 1988 Wiseguy
16%
Film 1988 Working Girl
16%
Award Show 2017 71st Tony Awards
11%
Documentary Series 2012 American Masters
11%
Theater 2006, 2007 A Moon for the Misbegotten
11%
Film 1990 A Show of Force
11%
Film 2010 Casino Jack
11%
Theater 2014-2015 Clarence Darrow
11%
Film 1992 Consenting Adults
11%
TV Film 1991 Darrow
11%
TV Film 1994 Doomsday Gun
11%
Short Film 2012 Envelope
11%
TV Film 1990 Fall from Grace
11%
Film 2010 Father of Invention
11%
Documentary Series 2003 Freedom: A History of US
11%
Documentary Series 2010 Gorilla School
11%
Film 1990 Henry & June
11%
Film 2025 Holiguards
11%
Commercial 2006 Honda Accord
11%
Theater 2009 Inherit the Wind
11%
Film 2011 Inseparable
11%
Film 1997 Midnight in the Garden of Good and Evil
11%
Theater 2005 National Anthems
11%
Film 2022 Once Upon a Time in Croatia
11%
Film 2000 Ordinary Decent Criminal
11%
Film 2017 Rebel in the Rye
11%
TV Film 2008 Recount
11%
Theater 1988 Right Behind the Flag
11%
Film 1988 Rocket Gibraltar
11%
Film 2009 Shrink
11%
Theater 2008 Speed-the-Plow
11%
Film 2008 Telstar: The Joe Meek Story
11%
Theater 1983 The Misanthrope
11%
Film 1994 The Ref
11%
TV Show 1993 TriBeCa
11%
TV Show 1989 Unsub
11%
TV Film 1990 When You Remember Me
11%
Short Film 2013 At the Top
5%
Short Film 2023 Being Frank with Tucker
5%
TV Special 2013 Breakthrough Prize 2013
5%
Commercial 2014-2016 E-Trade
5%
Commercial 2009 'Finding the Right Seat' - American Airlines
5%
Film TBA Gore
5%
Music Video 2016 Here I Am
5%
Music Video 1994 Jealousy
5%
Short Film 2019 KTWK
5%
Commercial 2012-2013 LensCrafters
5%
Short Film 2018 Let Me Be Frank
5%
Short Film 2007 Machine Child
5%
Documentary Series 2014 Nature Is Speaking
5%
Commercial 1966 Score Hair Cream
5%
Short Documentary 2001 Shackleton's Antarctic Adventure
5%
Short Film 2012 Spirit of a Denture
5%
Short Film 2008 The Applicant
5%
Short Film 2006 The Interrogation of Leo and Lisa
5%
Short Film 2011 The Organ Grinder's Monkey
5%
Short Film 2002 The Tower of Babble
5%
Short Film 2012 The Ventriloquist
5%
Short Film 2017 Vans
5%
Short Film 2020 1-800 XMAS
0%
TV Show 2014 30-Second Bunny Theatre
0%
Theater 2002 42nd and Vine: Hollywood Hits Broadway
0%
Documentary Series 2001 American Experience
0%
TV Documentary 2002 America Rebuilds: A Year at Ground Zero
0%
Production 2006 Bernard and Doris
0%
Documentary Series 2014 Bystander Revolution
0%
Commercial 2013 BZ WEK Bank
0%
TV Documentary 2001 Come Together: A Night for John Lennon's Words and Music
0%
Theater 2009 Complicit
0%
Documentary 2009 Hackers Wanted
0%
TV Documentary 1999 Hitchcock: Shadow of a Genius
0%
Short Film 2020 Kevin Spacey Bits & Pretzels
0%
Short Documentary 2019 Kevin Spacey Reads The Boxer
0%
TV Documentary 2006 Look, Up in the Sky! The Amazing Story of Superman
0%
Documentary Mini-Series 2016 Masterclass: Kevin Spacey Teaches Acting
0%
Commercial 2009 'Olympic Pen' Digital Camera
0%
Documentary Mini-Series 2016 Race for the White House
0%
Commercial 2015 Renault Espace
0%
TV Documentary 1998 Steve McQueen: The King of Cool
0%
TV Documentary 2013 The Day Kennedy Died
0%
Short Film 2000 The Final Days
0%
TV Special 2011 The Man Who Changed the World: Mikhail Gorbachev's 80th Birthday Gala
0%
Documentary 2006 Uganda Rising
0%
Documentary 2015 Unity
0%
No matching quizzes found
Score Distribution
Percent of People with Each Score
Percentile by Number Answered
Your Score History
You have not taken this quiz since the last reset